000 01022nam a2200265 i 4500
001 104905
003 ES-MaACL
005 20250618142616.0
007 t|
008 060523q19001999fr ||||1| fre d
080 _a821.112.2-23"17"
100 1 _aGoethe, Johann Wolfgang von,
_d1749-1832
_957568
245 1 0 _aFaust et le second Faust /
_c[Goethe] ; traduction de Gérard de Nerval ; préface par Henri Clouard ; texte établi avec relevé de variantes et notes par Maurice Allemand ; illustrations de Delacroix.
260 _a[Paris] :
_bGarnier,
_c[19-?]
300 _aXIX, 374 p. ;
_c21 cm.
490 1 _aLes classiques immortels
500 _aBiblioteca Jacinto Martínez Lacalle.
700 0 _aNerval, Gérard de,
_d1808-1855
_985401
700 1 _aClouard, Henri.
_939298
700 1 _aAllemand, Maurice.
_919974
700 0 _aDelacroix, Eugène,
_d1798-1863
_943285
830 0 _aLes classiques immortels
_9232662
852 _aES-MaACL
_jE-11230
_bR.138927
999 _c104905
_d104905